English Constitutional Law : (Record no. 1722)
[ view plain ]
| 000 -LEADER | |
|---|---|
| fixed length control field | 00560nam a2200205Ia 4500 |
| 003 - CONTROL NUMBER IDENTIFIER | |
| control field | BUBTL |
| 008 - FIXED-LENGTH DATA ELEMENTS--GENERAL INFORMATION | |
| fixed length control field | 151213s9999 xx 000 0 und d |
| 082 ## - DEWEY DECIMAL CLASSIFICATION NUMBER | |
| Classification number | 342/ W1191e |
| 100 ## - MAIN ENTRY--PERSONAL NAME | |
| Personal name | Wade E. C. S. |
| 9 (RLIN) | 4784 |
| 245 ## - TITLE STATEMENT | |
| Title | English Constitutional Law : |
| Statement of responsibility, etc. | E. C. S. Wade, G. G. Phillips |
| 250 ## - EDITION STATEMENT | |
| Edition statement | 1st |
| 260 ## - PUBLICATION, DISTRIBUTION, ETC. (IMPRINT) | |
| Place of publication, distribution, etc. | Lahore |
| Name of publisher, distributor, etc. | P. L. B Publications |
| 300 ## - PHYSICAL DESCRIPTION | |
| Extent | 340p. : |
| Other physical details | 21 cm |
| 650 ## - SUBJECT ADDED ENTRY--TOPICAL TERM | |
| Topical term or geographic name as entry element | Law |
| 650 ## - SUBJECT ADDED ENTRY--TOPICAL TERM | |
| Topical term or geographic name as entry element | |
| 700 ## - ADDED ENTRY--PERSONAL NAME | |
| Personal name | E. C. S. Wade, G. G. Phillips |
| 9 (RLIN) | 4785 |
| 856 ## - ELECTRONIC LOCATION AND ACCESS | |
| Password | 0 |
| Logon | 0 |
| Link text | Download |
| 942 ## - ADDED ENTRY ELEMENTS (KOHA) | |
| Source of classification or shelving scheme | |
| Koha item type | Books |
| Withdrawn status | Lost status | Source of classification or shelving scheme | Damaged status | Not for loan | Collection code | Permanent location | Current location | Shelving location | Date acquired | Source of acquisition | Inventory number | Total Checkouts | Full call number | Barcode | Date last seen | Copy number | Price effective from | Koha item type |
|---|---|---|---|---|---|---|---|---|---|---|---|---|---|---|---|---|---|---|
| Non-fiction | Bangladesh University of Business and Technology Library | Bangladesh University of Business and Technology Library | Law Stacks | 11/27/2005 | Purchase | 2461 | 342/ W1191e | BUBTL-20032461 | 10/24/2022 | C-1 | 10/24/2022 | Books | ||||||
| Non-fiction | Bangladesh University of Business and Technology Library | Bangladesh University of Business and Technology Library | Law Stacks | 11/27/2005 | Purchase | 2462 | 342/ W1191e | BUBTL-20032462 | 10/24/2022 | C-2 | 10/24/2022 | Books | ||||||
| Not For Loan | Non-fiction | Bangladesh University of Business and Technology Library | Bangladesh University of Business and Technology Library | Law Stacks | 11/27/2005 | Purchase | 2463 | 342/ W1191e | BUBTL-20032463 | 10/24/2022 | C-3 | 10/24/2022 | Books |
